Statistics for Liverpool Champions League Final XIs (2010-)

Click here to take the quiz!

General Stats

  • This quiz has been taken 46 times
  • The average score is 31 of 33

Answer Stats

PosXI (17/18, 18/19, 21/22)% Correct
GKAlisson Becker
100%
GKAlisson Becker
100%
DFAndy Robertson
100%
DFAndy Robertson
100%
DFAndy Robertson
100%
MFJordan Henderson
100%
MFJordan Henderson
100%
MFJordan Henderson
100%
FWMohamed Salah
100%
FWMohamed Salah
100%
FWMohamed Salah
100%
FWRoberto Firmino
100%
FWRoberto Firmino
100%
FWSadio Mané
100%
FWSadio Mané
100%
FWSadio Mané
100%
DFTrent Alexander-Arnold
100%
DFTrent Alexander-Arnold
100%
DFTrent Alexander-Arnold
100%
DFVirgil van Dijk
100%
DFVirgil van Dijk
100%
DFVirgil van Dijk
100%
DFJoel Matip
98%
GKLoris Karius
93%
MFFabinho
90%
MFFabinho
90%
MFGeorginio Wijnaldum
88%
MFGeorginio Wijnaldum
88%
DFIbrahima Konate
88%
FWLuis Diaz
83%
MFThiago Alcantara
83%
MFJames Milner
78%
DFDejan Lovren
68%

Score Distribution

Percentile by Number Answered

Percent of People with Each Score

Your Score History

You have not taken this quiz